TB. OF OPHTHALMIC PHARMACOLOGY THERAPIES (Record no. 33805)

MARC details
000 -LEADER
fixed length control field 00404nam a22001697a 4500
003 - CONTROL NUMBER IDENTIFIER
control field SGT
020 ## - INTERNATIONAL STANDARD BOOK NUMBER
International Standard Book Number 9789388022583
082 ## - DEWEY DECIMAL CLASSIFICATION NUMBER
Classification number 617.7
Item number O25S
100 ## - MAIN ENTRY--PERSONAL NAME
Personal name SHARMA, RL.
245 ## - TITLE STATEMENT
Title TB. OF OPHTHALMIC PHARMACOLOGY THERAPIES
250 ## - EDITION STATEMENT
Edition statement 1ST
260 ## - PUBLICATION, DISTRIBUTION, ETC. (IMPRINT)
Place of publication, distribution, etc INDIA
Name of publisher, distributor, etc INNOVATIVE PUB
Year of Publication 2025
300 ## - PAGE DESCRIPTION
No. of Pages 293
650 ## - SUBJECT ADDED ENTRY--TOPICAL TERM
Topical term or geographic name as entry element OPHTHALMOLOGY
653 ## - KEYWORDS--INDEX TERM
Keyword term OPHTHALMIC PHARMACOLOGY THERAPIES
942 ## - ADDED ENTRY ELEMENTS (KOHA)
Source of classification or shelving scheme Dewey Decimal Classification
Koha item type Books
Holdings
Withdrawn status Lost status Source of classification or shelving scheme Damaged status Not for loan Collection code Home library Current library Shelving location Date acquired Vendor Name Cost, normal purchase price SGTU Bill Number Full call number Accession No. (Barcode) Date last seen Bill Date Koha item type Total Checkouts
    Dewey Decimal Classification   Not For Loan MEDICAL SGT Medical Library SGT Medical Library Reference Book 29/11/2025 ABC DELHI 1350.00 SGTU 22053 617.7 O25S FM16227 30/01/2026 29/11/2025 Books  
    Dewey Decimal Classification     MEDICAL SGT Medical Library SGT Medical Library Text Book 29/11/2025 ABC DELHI 1350.00 SGTU 22053 617.7 O25S FM16228 30/01/2026 29/11/2025 Books